Design and analysis of algorithms (Record no. 183407)

000 -LEADER
fixed length control field 00360nam a2200133Ia 4500
008 - FIXED-LENGTH DATA ELEMENTS--GENERAL INFORMATION
fixed length control field 220217s9999||||xx |||||||||||||| ||und||
082 ## - DEWEY DECIMAL CLASSIFICATION NUMBER
Classification number 005.1 RED
100 ## - MAIN ENTRY--PERSONAL NAME
Personal name Reddy, Padma A.M
245 #0 - TITLE STATEMENT
Title Design and analysis of algorithms
250 ## - EDITION STATEMENT
Edition statement 7th Revise
260 ## - PUBLICATION, DISTRIBUTION, ETC.
Place of publication, distribution, etc. Nandhi publications
Name of publisher, distributor, etc. Bangalore
Date of publication, distribution, etc. 2012
300 ## - PHYSICAL DESCRIPTION
Other physical details 240
650 ## - SUBJECT ADDED ENTRY--TOPICAL TERM
Topical term or geographic name entry element COMPUTER PROGRAMS
Holdings
Withdrawn status Lost status Damaged status Not for loan Home library Current library Date acquired Total Checkouts Full call number Barcode Date last seen Date last checked out Price effective from Koha item type
        Central Library Central Library 02/18/2022 1 005.1 RED 18596 08/01/2023 05/18/2023 02/18/2022 Books

Powered by Koha